Hodnotenie poskytovateľov zdravotnej starostlivosti manažment kvality v zdravotníctve : 6.5.2016

Salvato in:
Dettagli Bibliografici
Autore principale: Frisová, Simona, 1980-
Ente Autore: Fakulta hospodárskej informatiky EU. Katedra matematiky a aktuárstva
Natura: Libro
Lingua:slovacco
Pubblicazione: Bratislava Health Management Academy 2016
Edizione:1. vyd.
Soggetti:
Tags: Aggiungi Tag
Nessun Tag, puoi essere il primo ad aggiungerne!!

MARC

LEADER 00000nam a2200000 4500
001 0220454
005 20240515114413.8
041 0 |a slo 
044 |a SK 
245 1 0 |a Hodnotenie poskytovateľov zdravotnej starostlivosti  |b manažment kvality v zdravotníctve : 6.5.2016  |c Simona Frisová 
250 |a 1. vyd. 
264 1 |a Bratislava  |b Health Management Academy  |c 2016 
300 |a [24 s., 1,13 NS] 
610 2 0 |a poisťovne zdravotné 
610 2 0 |a kvalita 
610 2 0 |a kvalita sociálna 
610 2 0 |a poistenci 
610 2 0 |a starostlivosť zdravotná 
610 2 0 |a riadenie kvality 
610 2 0 |a legislatíva 
100 1 |a Frisová, Simona, 1980- 
710 2 |a Fakulta hospodárskej informatiky EU. Katedra matematiky a aktuárstva